Online
Catalog

Manual Terapéutico de Parejas : (Record no. 44411)

MARC details
000 -CABECERA
campo de control de longitud fija 01431nam a2200349 a 4500
001 - NÚMERO DE CONTROL
campo de control 000044922
003 - IDENTIFICADOR DEL NÚMERO DE CONTROL
campo de control OSt
005 - FECHA Y HORA DE LA ÚLTIMA TRANSACCIÓN
campo de control 20201214100213.0
007 - CAMPO FIJO DE DESCRIPCIÓN FÍSICA--INFORMACIÓN GENERAL
campo de control de longitud fija ta
008 - DATOS DE LONGITUD FIJA--INFORMACIÓN GENERAL
campo de control de longitud fija 150119s2014 dr 001 0 spa d
020 ## - NÚMERO INTERNACIONAL ESTÁNDAR DEL LIBRO
Número Internacional Estándar del Libro 9789945166477
040 ## - FUENTE DE LA CATALOGACIÓN
Centro catalogador/agencia de origen DO-SdBNP
Lengua de catalogación spa
Centro/agencia transcriptor BNPHU
041 ## - CÓDIGO DE LENGUA
Código de lengua original spa
082 ## - NÚMERO DE LA CLASIFICACIÓN DECIMAL DEWEY
Número de clasificación BNPHU-PD xxxxxx
Número de documento/Ítem G633m
100 1# - ENTRADA PRINCIPAL--NOMBRE DE PERSONA
Nombre de persona Gómez, José Miguel
9 (RLIN) 380
245 10 - MENCIÓN DE TÍTULO
Título Manual Terapéutico de Parejas :
Resto del título la experiencia de un psicoterapeuta /
Mención de responsabilidad, etc. Alexandra Deschamps , diagramación
260 ## - PUBLICACIÓN, DISTRIBUCIÓN, ETC.
Lugar de publicación, distribución, etc. Santo Domingo :
Nombre del editor, distribuidor, etc. Búho,
Fecha de publicación, distribución, etc. 2014.
300 ## - DESCRIPCIÓN FÍSICA
Extensión 164 p. ;
Dimensiones 23 cm.
500 ## - NOTA GENERAL
Nota general Incluye datos biográficos del autor en la solapa de la cubierta.-
500 ## - NOTA GENERAL
Nota general Libro de autoayuda y bibliografía.
504 ## - NOTA DE BIBLIOGRAFÍA, ETC.
Nota de bibliografía, etc. Bibliografías : p. 163-164
505 1# - NOTA DE CONTENIDO CON FORMATO
Nota de contenido con formato Prólogo.-
505 1# - NOTA DE CONTENIDO CON FORMATO
Nota de contenido con formato Capítulo I :
Título Claves para elegir una pareja.-
505 1# - NOTA DE CONTENIDO CON FORMATO
Nota de contenido con formato Capítulo II :
Título El contrato marital.-
505 1# - NOTA DE CONTENIDO CON FORMATO
Nota de contenido con formato Capítulo III :
Título Conflictos y crisis en las parejas.-
505 1# - NOTA DE CONTENIDO CON FORMATO
Nota de contenido con formato Capítulo IV :
Título Claves para no dañar la relación de pareja.-
505 1# - NOTA DE CONTENIDO CON FORMATO
Nota de contenido con formato Capítulo V :
Título Actitudes emocionales positivas : ¿cómo se construye la felicidad marital?.-
505 1# - NOTA DE CONTENIDO CON FORMATO
Nota de contenido con formato Capítulo VI :
Título Cómo resolver los problemas de pareja.-
505 1# - NOTA DE CONTENIDO CON FORMATO
Nota de contenido con formato Capítulo VII :
Título Claves para identificar tipos de pareja y pronóstico según la dinámica.-
-- Bibliografía.-
700 ## - PUNTO DE ACCESO ADICIONAL--NOMBRE DE PERSONA
Nombre de persona Deschamps , Alexandra ,
Término indicativo de función/relación diagrmación.
9 (RLIN) 1503
942 ## - ELEMENTOS DE PUNTO DE ACCESO ADICIONAL (KOHA)
Fuente del sistema de clasificación o colocación Dewey Decimal Classification
Tipo de ítem Koha Libro
Holdings
Estado de retiro Estado de pérdida Fuente del sistema de clasificación o colocación No para préstamo Código de colección Localización permanente Ubicación/localización actual Ubicación en estantería Fecha de adquisición Fuente de adquisición Total de préstamos Signatura topográfica completa Código de barras Fecha visto por última vez Número de copia Precio válido a partir de Tipo de ítem Koha
    Dewey Decimal Classification Préstamo en sala Dominicana de Servicio Biblioteca Nacional Pedro Henríquez Ureña General Depósito 10.04.2019 Donado por Ed. Buho   BNPHU-DS xxxx G633 2020-0712 25.06.2020 e.3 25.06.2020 Libro y Folleto Colección Dominicana de Servicio
    Dewey Decimal Classification Excluido de préstamo Patrimonio Dominicano Biblioteca Nacional Pedro Henríquez Ureña Patrimonio Dominicano Depósito 12.10.2016 Depósito legal   BNPHU-PD xxxxxx G633m 2020-0710 25.06.2020   25.06.2020 Libro y Folleto Colección Patrimonio Dominicano
    Dewey Decimal Classification Excluido de préstamo Patrimonio Dominicano Biblioteca Nacional Pedro Henríquez Ureña Patrimonio Dominicano Depósito 12.12.2016 Donado por Ed. Búho   BMPHU-PD xxxx G633 2020-0711 25.06.2020 e.2 25.06.2020 Libro y Folleto Colección Patrimonio Dominicano

Powered by Koha